Library Banner

The upanishads (Record no. 43709)

MARC details
000 -LEADER
fixed length control field 00434nam a2200181Ia 4500
001 - CONTROL NUMBER
control field 45741
008 - FIXED-LENGTH DATA ELEMENTS--GENERAL INFORMATION
fixed length control field 140428s9999 xx 000 0 und d
020 ## - INTERNATIONAL STANDARD BOOK NUMBER
International Standard Book Number 9780915132393
040 ## - CATALOGING SOURCE
Transcribing agency PK-LaUMT
082 ## - DEWEY DECIMAL CLASSIFICATION NUMBER
Classification number 294.59218
Item number UPA-
100 ## - MAIN ENTRY--PERSONAL NAME
Personal name Easwaran, Eknath
245 #4 - TITLE STATEMENT
Title The upanishads
Statement of responsibility, etc Easwaran, Eknath
260 ## - PUBLICATION, DISTRIBUTION, ETC. (IMPRINT)
Place of publication, distribution, etc Tomales,USA:
Name of publisher, distributor, etc Nilgri Press,
Date of publication, distribution, etc 1987
300 ## - PHYSICAL DESCRIPTION
Extent 320 p.
546 ## - LANGUAGE NOTE
Language note EN
650 ## - SUBJECT ADDED ENTRY--TOPICAL TERM
Topical term or geographic name as entry element Upanishads
942 ## - ADDED ENTRY ELEMENTS (KOHA)
Koha item type Books
Holdings
Withdrawn status Lost status Damaged status Not for loan Home library Current library Date acquired Total Checkouts Full call number Barcode Date last seen Date checked out Price effective from Koha item type
        UMT Main Campus UMT Main Campus 2014-04-28 4 294.59218 UPA- 49958 2023-06-06 2023-05-29 2014-05-06 Books